00492nam a2200109Ia 4500008004100000020001800041100008600059245013800145260002700283650002000310856005200330171212s9999 xx 000 0 und d a9780833080721 aAcosta, Joie D.;Ramchand, Rajeev;Becker, Amariah;Felton, Alexandria;Kofner, Aaron cAcosta, Joie D.;Ramchand, Rajeev;Becker, Amariah;Felton, Alexandria;Kofner, AaronaRAND Suicide Prevention Program Evaluation Toolkit bRAND Corporationc2013 aHealth Sciences uhttp://www.jstor.org/stable/10.7249/j.ctt5vjwxf